Normal view
MARC view
- Strong points
Entry Topical Term
001 - CONTROL NUMBER
- control field: 106054
003 - CONTROL NUMBER IDENTIFIER
- control field: NUST
005 - DATE AND TIME OF LATEST TRANSACTION
- control field: 20221227130945.0
008 - FIXED-LENGTH DATA ELEMENTS
- fixed length control field: 221227|| aca||aabn | a|a d
040 ## - CATALOGING SOURCE
- Original cataloging agency: NUST
- Transcribing agency: NUST
150 ## - HEADING--TOPICAL TERM
- Topical term or geographic name entry element: Strong points
670 ## - SOURCE DATA FOUND
- Source citation: Work cat.: (NUST)185122: Anjum .M. H 106053, Strong points with famous Battles / , c1985.
